UM Logo

Grass roots and cadre in the protest movement/ (Record no. 3422)

MARC details
000 -LEADER
fixed length control field 00596nam a22001817a 4500
008 - FIXED-LENGTH DATA ELEMENTS--GENERAL INFORMATION
fixed length control field 160715b xxu||||| |||| 00| 0 eng d
020 ## - INTERNATIONAL STANDARD BOOK NUMBER
International Standard Book Number 9715503756
082 ## - DEWEY DECIMAL CLASSIFICATION NUMBER
Edition number 2001
Classification number DFil 303.484
Item number B66
100 ## - MAIN ENTRY--PERSONAL NAME
9 (RLIN) 11417
Personal name Boudreau, Vincent
245 ## - TITLE STATEMENT
Title Grass roots and cadre in the protest movement/
Statement of responsibility, etc. Vincent Boudreau
260 ## - PUBLICATION, DISTRIBUTION, ETC. (IMPRINT)
Place of publication, distribution, etc. Quezon City:
Name of publisher, distributor, etc. ADMU Press,
Date of publication, distribution, etc. c2001.
300 ## - PHYSICAL DESCRIPTION
Extent vii, 247 pages:
Dimensions 23 cm.
500 ## - GENERAL NOTE
General note Includes references and index.
650 #0 - SUBJECT ADDED ENTRY--TOPICAL TERM
9 (RLIN) 11418
Topical term or geographic name as entry element Protest
General subdivision Movements
Geographic subdivision Philippines
650 #0 - SUBJECT ADDED ENTRY--TOPICAL TERM
9 (RLIN) 11419
Topical term or geographic name as entry element Social movements
Geographic subdivision Philippines
365 ## - TRADE PRICE
Price amount 423.50
Currency code Php.
942 ## - ADDED ENTRY ELEMENTS (KOHA)
Source of classification or shelving scheme Dewey Decimal Classification
Koha item type Filipiniana
Holdings
Withdrawn status Lost status Source of classification or shelving scheme Damaged status Not for loan Collection code Home library Current library Date acquired Source of acquisition Total Checkouts Full call number Barcode Date last seen Copy number Cost, replacement price Price effective from Koha item type
    Dewey Decimal Classification     Filipiniana UM Digos College - LIC UM Digos College - LIC 10/28/2003 Purchased   DFil 303.484 B66 2001 16300 05/15/2025 1 423.00 07/15/2016 Filipiniana
    Dewey Decimal Classification     Filipiniana UM Digos College - LIC UM Digos College - LIC 07/02/2004 Purchased   DFil 303.484 B66 2001 17391 05/15/2025 2 423.00 07/15/2016 Filipiniana